Συνθήκες διαμόρφωσης της σύγχρονης ελληνικής πόλης
Saved in:
| Main Author: | |
|---|---|
| Format: | Book |
| Language: | Greek |
| Published: |
Αθήνα :
Σιδερής ;, Ινστιτούτο Δημοκρατίας Κωνσταντίνος Καραμανλής,
2001
|
| Series: | Μελέτες πολιτικής οικονομίας & διπλωματίας ;
; 4 |
| Subjects: | |
| Tags: |
Add Tag
No Tags, Be the first to tag this record!
|
MARC
| LEADER | 00000cam a2200000 i 4500 | ||
|---|---|---|---|
| 001 | 1/46003 | ||
| 008 | 031205s2001 gre d | ||
| 020 | |a 960-08-0241-6 | ||
| 035 | |l 10071821 | ||
| 040 | |a GR-MY-UA |b gre |e aacr | ||
| 041 | 0 | |a gre | |
| 082 | 0 | |a 307.76 | |
| 100 | 1 | |a Μητούλα, Ρόιδω. | |
| 245 | 1 | 0 | |a Συνθήκες διαμόρφωσης της σύγχρονης ελληνικής πόλης / |c Ρόϊδω Μητούλα |
| 260 | |a Αθήνα : |b Σιδερής ;, |b Ινστιτούτο Δημοκρατίας Κωνσταντίνος Καραμανλής, |c 2001 | ||
| 300 | |a 238 σ. | ||
| 490 | 1 | |a Μελέτες πολιτικής οικονομίας & διπλωματίας |v ; 4 | |
| 650 | 0 | 0 | |a City planning. |
| 830 | 0 | |a Μελέτες πολιτικής οικονομίας & διπλωματίας ; |v ; 4 | |
| 852 | |a INST |b RHODES |e 20031205 |h 307.76 ΜΗΤ |p 005400019904 |q 005400019904 |t BK |y 0 | ||
| 901 | |a BIBL4-2003-3 | ||
| 909 | |a Ρ |b 104964 | ||
| 970 | |a ΚΟΥΛΑΚΙΟΤΗ |b ΛΙΤΣΑ |z 2003/12/05 | ||